DISEÑO Y PLANIFICACIÓN DE CAMINO RURAL CASERÍO CERRO QUEMADO, SISTEMA DE ABASTECIMIENTO DE AGUA ALDEA LAS PALMAS Y SISTEMAS DE PROTECCIÓN AMBIENTAL, CHISEC, ALTA VERAPAZ, CUNOR-EPSUM./ (Registro nro. 2080)
[ vista simple ]
| 000 -LEADER | |
|---|---|
| campo de control de longitud fija | 03422nam a22003377a 4500 |
| 001 - NÚMERO DE CONTROL | |
| campo de control | TIC 0019 |
| 003 - IDENTIFICADOR DE NÚMERO DE CONTROL | |
| campo de control | gtcocun |
| 005 - FECHA Y HORA DE LA ÚLTIMA TRANSACCIÓN | |
| campo de control | 20250923165344.0 |
| 006 - CÓDIGOS DE INFORMACIÓN DE LONGITUD FIJA--CARACTERÍSTICAS DEL MATERIAL ADICIONAL | |
| campo de control de longitud fija | a||||gr|||| 00| 0 |
| 007 - CAMPO FIJO DE DESCRIPCIÓN FÍSICA--INFORMACIÓN GENERAL | |
| campo de control de longitud fija | ta |
| 008 - DATOS DE LONGITUD FIJA--INFORMACIÓN GENERAL | |
| campo de control de longitud fija | 250923b2022 gt ||||| m||| 00| 0 eng d |
| 040 ## - FUENTE DE CATALOGACIÓN | |
| Centro catalogador/agencia de origen | gtcocun |
| Lengua de catalogación | SPA |
| Centro/agencia transcriptor | gtcocun |
| Normas de descripción | RDA |
| 041 ## - CÓDIGO DE IDIOMA | |
| Código de lengua del texto/banda sonora o título independiente | SPA TIC 0019 |
| 084 ## - OTRO NÚMERO DE CLASIFICACIÓN | |
| Número de control del registro de autoridad o número normalizado | TIC 0019 |
| 100 ## - ENTRADA PRINCIPAL--NOMBRE DE PERSONA | |
| Nombre de persona | Castro Aguilar, Bryann Steve |
| Término indicativo de función/relación | Autor |
| 245 ## - MENCIÓN DEL TÍTULO | |
| Título | DISEÑO Y PLANIFICACIÓN DE CAMINO RURAL CASERÍO CERRO QUEMADO, SISTEMA DE ABASTECIMIENTO DE AGUA ALDEA LAS PALMAS Y SISTEMAS DE PROTECCIÓN AMBIENTAL, CHISEC, ALTA VERAPAZ, CUNOR-EPSUM./ |
| Mención de responsabilidad, etc. | Bryann Steve Castro Aguilar. |
| Medio | Impreso |
| 264 ## - PRODUCCIÓN, PUBLICACIÓN, DISTRIBUCIÓN, FABRICACIÓN Y COPYRIGHT | |
| Producción, publicación, distribución, fabricación y copyright | Cobán, Alta Verapaz: |
| Nombre del de productor, editor, distribuidor, fabricante | Universidad de San Carlos de Guatemala, Centro Universitario del Norte, Ingeniería Civil |
| Fecha de producción, publicación, distribución, fabricación o copyright | 2022 |
| 300 ## - DESCRIPCIÓN FÍSICA | |
| Extensión | 209 p.: |
| Otras características físicas | Ilustraciones, gráficas. |
| Dimensiones | 28 cm; |
| 300 ## - DESCRIPCIÓN FÍSICA | |
| Dimensiones | |
| 336 ## - TIPO DE CONTENIDO | |
| Fuente | rdacontenido |
| Término de tipo de contenido | Texto |
| Código de tipo de contenido | txt |
| 337 ## - TIPO DE MEDIO | |
| Fuente | rdamedio |
| Nombre/término del tipo de medio | Computadora |
| Código del tipo de medio | n |
| 338 ## - TIPO DE SOPORTE | |
| Fuente | rdasoporte |
| Nombre/término del tipo de soporte | Código en línea |
| Código del tipo de soporte | cr |
| 502 ## - NOTA DE TESIS | |
| identificador de la tesis | TIC 0019 |
| 502 ## - NOTA DE TESIS | |
| Nota de tesis | Tesis de grado |
| Tipo de título | Ingeniería Civil, |
| Nombre de la institución que otorga el título | Universidad de San Carlos de Guatemala, Centro Universitario del Norte, Ingeniería Civil |
| Año de obtención del título | 2022 |
| Identificador de la tesis | TIC 0019 |
| 520 14 - RESUMEN, ETC. | |
| Sumario, etc. | El presente informe final del Ejercicio Profesional Supervisado - EPS – está estructurado con los aspectos más importantes que fueron tomados en cuenta para el desarrollo de los<br/>diseños de infraestructura vial y sanitaria. También se incluye el trabajo realizado por<br/>parte del Ejercicio Profesional Supervisado Multidisciplinario -EPSUM-, trabajos que<br/>responden a las necesidades sociales de las comunidades asignadas.<br/>Esta experiencia profesional fue realizada en la Municipalidad de Chisec, Alta Verapaz<br/>en donde de alguna manera se contribuyó a dar solución a las necesidades de los<br/>comunitarios, en relación a obras de infraestructura que ayuden a la mejora de la calidad de vida y generen un desarrollo económico, los proyectos trabajados fueron: Diseño de apertura de camino rural Caserío Cerro Quemado y Diseño de sistema de abastecimiento de agua Aldea Las Palmas.<br/>Así mismo, se realizó un proyecto Multidisciplinario denominado: Sistemas de protección ambiental e implementación del proceso y creación de huertos medicinales en las comunidades de Setzi, Chaquiquiche y Las Ruinas de la microrregión Chisec Rural, el<br/>cual estuvo bajo la supervisión del programa EPSUM, también se abarcaron diferentes actividades con el fin de integrar a pre-profesionales, para unir conocimientos, proponer proyectos y priorizar los más relevantes como respuesta a las problemáticas encontradas<br/>en las comunidades.<br/>Las actividades realizadas tuvieron como objetivo beneficiar directamente a la población en temas de salud, educación, desarrollo e infraestructura. Los resultados finales se presentan a través del presupuesto general, integración de precios unitarios, cronograma<br/>físico y financiero, especificaciones técnicas, memorias de cálculo, juego de planos, libretas topográficas y estudios de suelo y agua. |
| 650 14 - PUNTO DE ACCESO ADICIONAL DE MATERIA--TÉRMINO DE MATERIA | |
| Fuente del encabezamiento o término | LEMB |
| Término de materia o nombre geográfico como elemento de entrada | Chisec, Alta Verapaz |
| Subdivisión general | Ingeniería |
| -- | Infrastructura |
| -- | Desarrollo |
| -- | Necesidades |
| -- | Comunidad |
| -- | Proyecto |
| 700 ## - ENTRADA AGREGADA--NOMBRE PERSONAL | |
| Nombre de persona | Ing. Civil. Marlon Alexander Morán Castro |
| Término indicativo de función/relación | Asesor |
| 856 ## - LOCALIZACIÓN Y ACCESO ELECTRÓNICOS | |
| Identificador Uniforme de Recurso | <a href="https://drive.google.com/file/d/1FfGEg6MQMLfy-ms8oo-ABKBGA4CyIUfF/view">https://drive.google.com/file/d/1FfGEg6MQMLfy-ms8oo-ABKBGA4CyIUfF/view</a> |
| Texto de enlace | |
| Nota pública | Un ejemplar en línea. |
| 942 ## - ELEMENTOS DE ENTRADA SECUNDARIOS (KOHA) | |
| Fuente de la clasificación o esquema de estantería | Clasificación Decimal Dewey |
| Tipo de ítem Koha | TESIS |
| Parte de la signatura que identifica el ejemplar (Parte del ítem) | TIC 0019 |
| Prefijo de la signatura | Clasificación |
| Suprimir en OPAC | No |
| -- | TIC_0019_000000000000000 |
| Estatus retirado | Estado de pérdida | Fuente de la clasificación o esquema de estantería | Estado de daño | No para préstamo | Colección | Biblioteca de origen | Biblioteca actual | Ubicación en estantería | Fecha de adquisición | Número de inventario | Total de préstamos | Signatura topográfica completa | Código de barras | Visto por última vez | Precio de reemplazo | Tipo de ítem Koha |
|---|---|---|---|---|---|---|---|---|---|---|---|---|---|---|---|---|
| Clasificación Decimal Dewey | tesis | BIBLIOTECA- CUNOR -JOSÉ LUIS GONZALES ROSALES | BIBLIOTECA- CUNOR -JOSÉ LUIS GONZALES ROSALES | Colección tesis | 16/09/2025 | TIC 0019 | TIC 0019 | TIC 0019 | 16/09/2025 | 16/09/2025 | TESIS |